[Event "Druzynowe Mistrzostwa Stowarzyszenia Cross"]
[Site "Wielspin Wagrowiec"]
[Date "1899-12-30"]
[Round "1.1"]
[White "Kowalczyk, Marian"]
[Black "Lazuka, Jan"]
[Result "1-0"]
[WhiteTitle "I++"]
[BlackTitle "III"]
[WhiteElo "1904"]
[BlackElo "1267"]

1. e4 e5 2. Nf3 Nc6 3. Bc4 h6 4. d4 Nxd4 5. Nxe5 Qf6 6. Qxd4 d6 7. Nf3 Bg4 8. Qxf6
Nxf6 9. Nc3 Bxf3 10. gxf3 Be7 11. Be3 O-O 12. O-O-O a6 13. Rhg1 c6 14. Bxh6 Ne8
15. Rg2 Kh8 16. Bf4 Bf6 17. Bxd6 Nxd6 18. Rxd6 Rad8 19. Rxd8 Bxd8 20. f4 b5 21.
Bd3 f6 22. Ne2 c5 23. c4 bxc4 24. Bxc4 a5 25. Rg3 Kh7 26. f5 Kh6 27. f4 g5 28.
Rh3+ Kg7 29. Ng3 gxf4 30. Nh5+ Kh6 31. Nxf4+ Kg5 32. Ne6+ Kg4 33. Rg3+ 1-0

[Event "Druzynowe Mistrzostwa Stowarzyszenia Cross"]
[Site "Wielspin Wagrowiec"]
[Date "1899-12-30"]
[Round "1.2"]
[White "Spionkowski, Fabian"]
[Black "Niecko, Stanislaw"]
[Result "0-1"]
[WhiteTitle "II+"]
[BlackTitle "I+"]
[WhiteElo "1377"]
[BlackElo "1726"]

1. d4 Nf6 2. c4 c5 3. d5 e6 4. Nc3 exd5 5. cxd5 d6 6. e4 g6 7. Bd3 Bg7 8. Nge2
O-O 9. Bf4 a6 10. O-O b5 11. a3 b4 12. axb4 cxb4 13. Na2 a5 14. Nxb4 Qb6 15. Nc2
Ba6 16. Bxa6 Nxa6 17. Ng3 Nc5 18. Qe2 Rfe8 19. Na3 Nxd5 20. Nc4 Nxf4 21. Nxb6
Nxe2+ 22. Nxe2 Rab8 23. Nd5 Rxe4 24. Nec3 Bxc3 25. bxc3 Ra4 26. Rxa4 Nxa4 27.
c4 0-1

[Event "Druzynowe Mistrzostwa Stowarzyszenia Cross"]
[Site "Wielspin Wagrowiec"]
[Date "1899-12-30"]
[Round "1.3"]
[White "Pociejowski, Marek"]
[Black "Kizym, Lukasz"]
[Result "1-0"]
[WhiteTitle "I++"]
[BlackTitle "II"]
[WhiteElo "1842"]
[BlackElo "1590"]

1. d4 Nf6 2. c4 e6 3. Nf3 Bb4+ 4. Bd2 Bxd2+ 5. Qxd2 d5 6. Nc3 a6 7. e3 O-O 8. Bd3
dxc4 9. Bxc4 b5 10. Bd3 Bb7 11. O-O Nbd7 12. b4 Re8 13. e4 Rc8 14. a4 bxa4 15.
Rxa4 Ra8 16. Rfa1 Nb6 17. R4a2 Qe7 18. Qb2 Red8 19. Qa3 g6 20. Qa5 Rd7 21. Qc5
Rad8 22. h3 Nc8 23. Kf1 Qxc5 24. bxc5 Ne7 25. Rb2 Bc6 26. Rxa6 Rc8 27. Ke2 Rdd8
28. Ra7 Ne8 29. Ke3 Ra8 30. Rxa8 Rxa8 31. Ne5 Kf8 32. f3 f6 33. Nc4 f5 34. Ne5
Nf6 35. Bc4 fxe4 36. fxe4 Bd7 37. Nxd7+ Nxd7 38. Bxe6 1-0

[Event "Druzynowe Mistrzostwa Stowarzyszenia Cross"]
[Site "Wielspin Wagrowiec"]
[Date "1899-12-30"]
[Round "1.4"]
[White "Staruch, Roman"]
[Black "Suder, Ryszard"]
[Result "0-1"]
[WhiteTitle "I++"]
[BlackTitle "k+"]
[WhiteElo "1781"]
[BlackElo "2107"]

1. e4 Nf6 2. Nc3 d5 3. exd5 Nxd5 4. Nxd5 Qxd5 5. Qf3 c6 6. Qxd5 cxd5 7. Bb5+ Nc6
8. Nf3 Bd7 9. Bxc6 Bxc6 10. Ne5 Rc8 11. d4 e6 12. a4 Be7 13. Bd2 O-O 14. Nxc6
Rxc6 15. c3 Rfc8 16. Ke2 Bf6 17. f4 g6 18. g4 a6 19. Kd3 Bg7 20. Rac1 Rb8 21.
c4 dxc4+ 22. Rxc4 Rd8 23. Rhc1 Rcd6 24. Be3 e5 25. fxe5 Bxe5 26. h3 Kf8 27. Ke4
Bf6 28. Rc8 Ke7 29. Rxd8 Kxd8 30. d5 Rd7 31. b3 Re7+ 32. Kd3 Rxe3+ 33. Kxe3 Bg5+
0-1

[Event "Druzynowe Mistrzostwa Stowarzyszenia Cross"]
[Site "Wielspin Wagrowiec"]
[Date "1899-12-30"]
[Round "1.5"]
[White "Olejnik, Bernard"]
[Black "Rutkowski, Jerzy"]
[Result "0-1"]
[WhiteTitle "I"]
[BlackTitle "I+"]
[WhiteElo "1772"]
[BlackElo "1956"]

1. d4 Nf6 2. c4 e6 3. Nc3 Bb4 4. a3 Bxc3+ 5. bxc3 c5 6. Nf3 Qa5 7. Bb2 cxd4 8.
Nxd4 O-O 9. e3 d5 10. Bd3 e5 11. Nb3 Qc7 12. cxd5 Nxd5 13. Bxh7+ Kxh7 14. Qxd5
Be6 15. Qc5 Qd8 16. Rd1 Nd7 17. Qb4 Qg5 18. O-O Bh3 19. Qe4+ f5 20. Qf3 Bg4 21.
Qg3 f4 22. exf4 exf4 23. Qd3+ Bf5 24. Qb5 a6 25. Qa5 b6 26. Qa4 Ne5 27. f3 Nd3
28. Bc1 b5 29. Qd4 Rad8 30. Qb6 Bh3 31. g3 Nxc1 32. Rxd8 Ne2+ 33. Kf2 Rxd8 34.
Kxe2 Qe7+ 35. Kf2 fxg3+ 36. hxg3 Bxf1 37. Kxf1 Rd1+ 38. Kg2 Qe1 39. Qf2 0-1

[Event "Druzynowe Mistrzostwa Stowarzyszenia Cross"]
[Site "Wielspin Wagrowiec"]
[Date "1899-12-30"]
[Round "1.6"]
[White "Huzarski, Stanislaw"]
[Black "Malcer, Joanna"]
[Result "1-0"]
[WhiteTitle "I"]
[BlackTitle "I"]
[WhiteElo "1731"]
[BlackElo "1516"]

1. e4 d6 2. d4 e6 3. Nf3 Be7 4. Nc3 Nf6 5. Bd3 O-O 6. O-O Nbd7 7. Re1 e5 8. Ne2
Re8 9. c3 b6 10. Ng3 c5 11. Bb5 Bb7 12. dxe5 dxe5 13. Bg5 Rf8 14. Bxf6 Nxf6 15.
Nxe5 Qxd1 16. Raxd1 Rac8 17. Nf5 Rcd8 18. Nxe7+ Kh8 19. Rxd8 Rxd8 20. Nxf7# 1-0

[Event "Druzynowe Mistrzostwa Stowarzyszenia Cross"]
[Site "Wielspin Wagrowiec"]
[Date "1899-12-30"]
[Round "1.7"]
[White "Zelajtys, Jozef"]
[Black "Pawlik, Tomasz"]
[Result "1-0"]
[WhiteTitle "I"]
[BlackTitle "I"]
[WhiteElo "1712"]
[BlackElo "1642"]

1. e4 e5 2. Nf3 Nf6 3. Bc4 Nxe4 4. O-O Bc5 5. Nxe5 d5 6. Bb3 O-O 7. d4 Bb6 8. Nc3
c6 9. h3 Nxc3 10. bxc3 Be6 11. Be3 Nd7 12. f4 Nxe5 13. fxe5 Qd7 14. Qd2 Bd8 15.
Rf3 Bh4 16. Bg5 Bxg5 17. Qxg5 Qd8 18. Qh5 Qe7 19. Raf1 f6 20. exf6 Rxf6 21. Rxf6
gxf6 22. Re1 Qd7 23. Re3 Rf8 24. Qe2 Re8 25. Qd3 Bf7 26. Rf3 Re6 27. c4 Qe7 28.
cxd5 Re1+ 29. Rf1 Rxf1+ 30. Kxf1 Bxd5 31. c4 Be4 32. Qg3+ Kf8 33. d5 Qe5 34. Qxe5
fxe5 35. Kf2 cxd5 36. cxd5 1-0

[Event "Druzynowe Mistrzostwa Stowarzyszenia Cross"]
[Site "Wielspin Wagrowiec"]
[Date "1899-12-30"]
[Round "1.8"]
[White "Grzywacz, Ryszard"]
[Black "Hornik, Bronislaw"]
[Result "0-1"]
[WhiteTitle "I"]
[BlackTitle "I"]
[WhiteElo "1646"]
[BlackElo "1712"]

1. e4 e6 2. Nc3 c5 3. Nf3 Nc6 4. Bb5 a6 5. Bxc6 bxc6 6. e5 f5 7. d3 Rb8 8. O-O
Ne7 9. b3 Nd5 10. Nxd5 cxd5 11. d4 a5 12. Be3 Ba6 13. Re1 c4 14. c3 Be7 15. Rb1
O-O 16. Bf4 g5 17. Bc1 g4 18. Nd2 cxb3 19. axb3 Bd3 20. Ra1 Qc7 21. Bb2 Bg5 22.
Nf1 Bc4 23. bxc4 Rxb2 24. c5 Rfb8 25. f3 h5 26. fxg4 hxg4 27. Ne3 Bxe3+ 28. Rxe3
Qd8 29. h3 Qg5 30. Qd3 f4 31. Ree1 f3 32. Qxf3 0-1

[Event "Druzynowe Mistrzostwa Stowarzyszenia Cross"]
[Site "Wielspin Wagrowiec"]
[Date "1899-12-30"]
[Round "1.9"]
[White "Kaciotys, Mieczyslaw"]
[Black "Majcher, Andrzej"]
[Result "1-0"]
[WhiteTitle "II+"]
[BlackTitle "III"]
[WhiteElo "1683"]
[BlackElo "1492"]

1. e4 e5 2. Nf3 Nf6 3. Nc3 Nc6 4. Bc4 d6 5. Ng5 Be6 6. Bxe6 fxe6 7. Nxe6 Qe7 8.
Nxf8 Rxf8 9. d3 O-O-O 10. Bg5 Kb8 11. Nd5 Qe6 12. c3 h6 13. Bxf6 gxf6 14. Ne3
Rd7 15. Nf5 Rh7 16. h4 Rg8 17. g4 h5 18. gxh5 Qf7 19. Ng3 Ne7 20. Qb3 Qxb3 21.
axb3 d5 22. O-O-O d4 23. Kc2 c5 24. c4 Rf8 25. Rde1 Kc7 26. Rhf1 Kd6 27. f4 Rg8
28. fxe5+ Kxe5 29. Nf5 Nc6 30. h6 Nb4+ 31. Kd2 Rg2+ 32. Re2 Rxe2+ 33. Kxe2 Ke6
34. Rg1 Nc6 35. Rg7 Rxg7 36. hxg7 Kf7 37. h5 Kg8 38. h6 Kh7 39. Kf3 b6 40. Kg3
a6 41. Kf2 Kg8 42. Ke2 Kh7 43. Kf3 Kg8 44. Kg3 Kh7 45. Kh4 b5 46. Kh5 bxc4 47.
bxc4 a5 48. b3 Kg8 49. Kg6 Ne5+ 50. Kxf6 Kh7 51. Ne7 Ng4+ 52. Ke6 Nxh6 53. g8=Q+
Nxg8 54. Nxg8 Kxg8 55. Kd6 Kf7 56. e5 1-0

[Event "Druzynowe Mistrzostwa Stowarzyszenia Cross"]
[Site "Wielspin Wagrowiec"]
[Date "1899-12-30"]
[Round "1.11"]
[White "Wodas, Pawel"]
[Black "Walczak, Lucjan"]
[Result "1/2-1/2"]
[WhiteTitle "I"]
[BlackTitle "I"]
[WhiteElo "1820"]
[BlackElo "1827"]

1. e4 c5 2. Nf3 d6 3. Bc4 Nc6 4. O-O e6 5. Re1 Nf6 6. Nc3 Be7 7. d4 cxd4 8. Nxd4
O-O 9. Bb3 a6 10. a4 Qc7 11. Re3 Nxd4 12. Qxd4 Ne8 13. Rg3 Bf6 14. Qd3 g6 15.
Bd2 b6 16. Bh6 Bg7 17. Qd2 Bb7 18. Rh3 Nf6 19. Bxg7 Kxg7 20. Qh6+ Kh8 21. Re1
Rg8 22. Ree3 Rg7 23. Qf4 Qe7 24. Rd3 Ne8 25. Qe3 Qc7 26. Rf3 Rd8 27. h4 h5 28.
Rd4 Qc5 29. Qd2 b5 30. axb5 axb5 1/2-1/2

[Event "Druzynowe Mistrzostwa Stowarzyszenia Cross"]
[Site "Wielspin Wagrowiec"]
[Date "1899-12-30"]
[Round "1.12"]
[White "Inglot, Marian"]
[Black "Zarow, Zdzislaw"]
[Result "0-1"]
[WhiteTitle "II"]
[BlackTitle "I"]
[WhiteElo "1394"]
[BlackElo "1610"]

1. e4 e5 2. Nf3 Nf6 3. Nc3 d5 4. exd5 Nxd5 5. Nxe5 Nxc3 6. bxc3 Bd6 7. Qe2 O-O
8. Nc4 Re8 9. Ne3 f5 10. Bb2 f4 11. O-O-O fxe3 12. fxe3 Qg5 13. h4 Qa5 14. d4
h5 15. Qc4+ Be6 16. d5 Bg4 17. Be2 Bxe2 18. Qxe2 Nd7 19. g4 Bf4 20. Kb1 Rxe3 0-1

[Event "Druzynowe Mistrzostwa Stowarzyszenia Cross"]
[Site "Wielspin Wagrowiec"]
[Date "1899-12-30"]
[Round "2.4"]
[White "Walczak, Lucjan"]
[Black "Barnowski, Sylwester"]
[Result "1/2-1/2"]
[WhiteTitle "I"]
[BlackTitle "I"]
[WhiteElo "1827"]
[BlackElo "1788"]

1. e4 Nf6 2. e5 Nd5 3. d4 d6 4. c4 Nb6 5. f4 dxe5 6. fxe5 Nc6 7. Be3 Bf5 8. Nc3
e6 9. Nf3 Bb4 10. Be2 O-O 11. O-O Na5 12. Nd2 Qd7 13. a3 Bxc3 14. bxc3 Qa4 15.
Qxa4 Nxa4 16. Rac1 Nb6 17. d5 Nd7 18. Nf3 Nb3 19. Rcd1 Ndc5 20. Nd4 Nxd4 21. Bxd4
Nb3 22. Be3 Bc2 23. Rde1 Na5 24. Bc5 Rfd8 25. Bb4 b6 26. Be7 Rd7 27. d6 Rc8 28.
Rf4 cxd6 29. exd6 Nc6 30. Ref1 Bg6 31. h4 Nxe7 32. dxe7 Rxe7 33. h5 Bc2 34. Rc1
Ba4 35. c5 Bc6 36. cxb6 axb6 1/2-1/2

[Event "Druzynowe Mistrzostwa Stowarzyszenia Cross"]
[Site "Wielspin Wagrowiec"]
[Date "1899-12-30"]
[Round "2.5"]
[White "Filipiak, Rajmund"]
[Black "Inglot, Marian"]
[Result "1-0"]
[WhiteTitle "II+"]
[BlackTitle "II"]
[WhiteElo "1688"]
[BlackElo "1394"]

1. Nf3 Nc6 2. d4 d5 3. Bf4 Bg4 4. e3 e6 5. Be2 Bd6 6. Bg5 f6 7. Bh4 g5 8. Bg3 Bxg3
9. hxg3 Qd6 10. c3 O-O-O 11. b4 Nge7 12. b5 Na5 13. Ng1 Bxe2 14. Nxe2 Nc4 15.
Nd2 Nb2 16. Qc2 Nc4 17. Nxc4 dxc4 18. Qa4 a6 19. Qxc4 axb5 20. Qxb5 Qd5 21. Qxd5
Nxd5 22. Rh6 Rdf8 23. a4 Kb8 24. Kd2 e5 25. a5 Ka7 26. c4 Nb4 27. Kc3 Na6 28.
Nc1 Rf7 29. Nd3 e4 30. Nb4 Re8 31. c5 Re6 32. Rah1 Nxb4 33. Kxb4 Ree7 34. Rd1
Rd7 35. d5 b6 36. axb6+ cxb6 37. c6 Rd6 38. Kc4 Rd8 39. d6 Rc8 40. Kb5 f5 41.
d7 1-0

[Event "Druzynowe Mistrzostwa Stowarzyszenia Cross"]
[Site "Wielspin Wagrowiec"]
[Date "1899-12-30"]
[Round "2.7"]
[White "Golebiowska-fryga, Barbara"]
[Black "Jagiela, Elzbieta"]
[Result "0-1"]
[WhiteTitle "II"]
[BlackTitle "II"]
[WhiteElo "1244"]
[BlackElo "1382"]

1. d4 Nf6 2. c3 d5 3. e3 Nc6 4. Bb5 Bd7 5. c4 e6 6. a3 a6 7. Bxc6 Bxc6 8. Qb3 dxc4
9. Qxc4 Bxg2 10. f3 Bxh1 11. Kf1 c6 12. Nd2 Qc7 13. Qe2 Bd6 14. f4 O-O 15. b4
b5 16. Nh3 h6 17. Nf2 Bd5 18. Ke1 Be7 19. h3 Nh7 20. Kd1 f5 21. Bb2 Bh4 22. Nd3
Nf6 23. Ne5 Kh7 24. Qf1 Ne4 25. Nxe4 Bxe4 26. Qg1 g5 27. Kd2 Rg8 28. Qf1 gxf4
29. Qxf4 Bf6 30. Rc1 Bxe5 31. Qxe5 Qxe5 32. dxe5 Rg2+ 33. Kc3 Rd8 34. Kb3 Rd3+
35. Bc3 Bd5# 0-1

[Event "Druzynowe Mistrzostwa Stowarzyszenia Cross"]
[Site "Wielspin Wagrowiec"]
[Date "1899-12-30"]
[Round "2.8"]
[White "Pawlik, Tomasz"]
[Black "Wodas, Pawel"]
[Result "0-1"]
[WhiteTitle "I"]
[BlackTitle "I"]
[WhiteElo "1642"]
[BlackElo "1820"]

1. e4 c5 2. Nf3 e6 3. g3 g6 4. d3 Bg7 5. Bg2 Nc6 6. c3 d5 7. exd5 exd5 8. O-O Nge7
9. Re1 O-O 10. Na3 Bf5 11. Be3 Qa5 12. d4 c4 13. Qd2 Rfe8 14. Bg5 Be6 15. Nc2
Nf5 16. g4 Nd6 17. h3 Ne4 18. Qc1 Qb6 19. Bf4 Qd8 20. Ng5 Nxg5 21. Bxg5 Qd7 22.
Ne3 h6 23. Bh4 g5 24. Bg3 Ne7 25. Qc2 Rad8 26. Re2 Ng6 27. Rae1 Rf8 28. f3 b5
29. a3 Ne7 30. Nd1 Nc6 31. f4 Bxd4+ 32. cxd4 Nxd4 33. Qd2 Nxe2+ 34. Qxe2 Rfe8
35. fxg5 hxg5 36. Qe5 Qe7 37. Qd4 a5 38. Ne3 Qd7 39. Be5 f5 40. gxf5 Bxf5 41.
Bxd5+ Be6 42. Bxe6+ Qxe6 0-1

[Event "Druzynowe Mistrzostwa Stowarzyszenia Cross"]
[Site "Wielspin Wagrowiec"]
[Date "1899-12-30"]
[Round "2.9"]
[White "Zarow, Zdzislaw"]
[Black "Grzywacz, Ryszard"]
[Result "1-0"]
[WhiteTitle "I"]
[BlackTitle "I"]
[WhiteElo "1610"]
[BlackElo "1646"]

1. e4 e5 2. Bc4 Bc5 3. d4 exd4 4. Bxf7+ Kxf7 5. Qh5+ g6 6. Qxc5 Nc6 7. Nf3 d6 8.
Qd5+ Be6 9. Ng5+ Ke8 10. Qxe6+ Qe7 11. O-O Nd8 12. Qc4 Nc6 13. Ne6 Kd7 14. Ng5
h6 15. Nf3 Qxe4 16. Re1 Qf5 17. Nxd4 Nxd4 18. Qxd4 Nf6 19. Nc3 Rhf8 20. Bxh6 Rf7
21. Rad1 Rh8 22. Bf4 Rh4 23. g3 Rxh2 24. Bxd6 Kc8 25. Be7 Nd7 26. Kxh2 Rh7+ 27.
Kg2 1-0

[Event "Druzynowe Mistrzostwa Stowarzyszenia Cross"]
[Site "Wielspin Wagrowiec"]
[Date "1899-12-30"]
[Round "2.12"]
[White "Suder, Ryszard"]
[Black "Zelajtys, Jozef"]
[Result "1/2-1/2"]
[WhiteTitle "k+"]
[BlackTitle "I"]
[WhiteElo "2107"]
[BlackElo "1712"]

1. Nf3 d5 2. g3 Nf6 3. Bg2 g6 4. b3 Bg7 5. Bb2 O-O 6. c4 c6 7. O-O Nbd7 8. d4 e6
9. Nc3 Re8 10. Qd3 a6 11. e4 Nxe4 12. Nxe4 dxe4 13. Qxe4 Qa5 14. Rfe1 Nf6 15.
Qe3 Bd7 16. Ne5 Rad8 17. a3 Bc8 18. b4 Qc7 19. Qf3 Rf8 20. Qf4 Nd7 21. Nxg6 Qxf4
22. Nxf4 Nb6 23. Rac1 Bxd4 24. Bxd4 Rxd4 25. c5 Nd5 26. Bxd5 cxd5 27. c6 bxc6
28. Rxc6 Bb7 29. Rb6 Bc8 30. Rc1 Rc4 31. Rxc4 dxc4 32. Rc6 e5 33. Nd5 Be6 34.
Ne3 Rd8 35. Kf1 Rd3 36. Nxc4 Bxc4 37. Rxc4 Rxa3 38. Rc5 f6 39. b5 axb5 40. Rxb5
Kg7 1/2-1/2

[Event "Druzynowe Mistrzostwa Stowarzyszenia Cross"]
[Site "Wielspin Wagrowiec"]
[Date "1899-12-30"]
[Round "2.13"]
[White "Hornik, Bronislaw"]
[Black "Olejnik, Bernard"]
[Result "1-0"]
[WhiteTitle "I"]
[BlackTitle "I"]
[WhiteElo "1712"]
[BlackElo "1772"]

1. e4 e5 2. Nf3 Nc6 3. Bb5 a6 4. Ba4 b5 5. Bb3 Na5 6. O-O Nxb3 7. axb3 d6 8. d4
Bg4 9. dxe5 Bxf3 10. Qxf3 dxe5 11. Nc3 Nf6 12. Rd1 Bd6 13. Bg5 h6 14. Bxf6 Qxf6
15. Qxf6 gxf6 16. Nxb5 Ke7 17. Nc3 Rhg8 18. Nd5+ Ke6 19. c4 Ra7 20. Nc3 1-0

[Event "Druzynowe Mistrzostwa Stowarzyszenia Cross"]
[Site "Wielspin Wagrowiec"]
[Date "1899-12-30"]
[Round "2.14"]
[White "Malcer, Joanna"]
[Black "Kaciotys, Mieczyslaw"]
[Result "0-1"]
[WhiteTitle "I"]
[BlackTitle "II+"]
[WhiteElo "1516"]
[BlackElo "1683"]

1. e4 e5 2. Nf3 Nc6 3. Bb5 Nge7 4. O-O a6 5. Ba4 b5 6. Bb3 h6 7. c3 d6 8. h3 Bb7
9. Re1 Na5 10. Bc2 Nc4 11. d3 Nb6 12. Be3 Nd7 13. d4 Ng6 14. dxe5 Ndxe5 15. Nxe5
Nxe5 16. Nd2 Be7 17. Nf3 Bf6 18. Nxe5 Bxe5 19. Qg4 Bc8 20. Qf3 Be6 21. Bd4 Qg5
22. Bxe5 Qxe5 23. b3 O-O 24. Rad1 Rfe8 25. Re3 Re7 26. Qg3 Qxg3 27. Rxg3 Rae8
28. Re3 Bd7 29. f3 f5 30. Rde1 Bc6 31. Kf2 fxe4 32. Bxe4 Bxe4 33. Rxe4 Rxe4 34.
Rxe4 Rxe4 35. fxe4 Kf7 36. Ke3 Ke6 37. g3 Ke5 38. b4 c6 39. Kf3 d5 40. exd5 Kxd5
41. Kf4 Kc4 42. Kf5 Kxc3 43. Kg6 Kxb4 44. Kxg7 0-1

[Event "Druzynowe Mistrzostwa Stowarzyszenia Cross"]
[Site "Wielspin Wagrowiec"]
[Date "1899-12-30"]
[Round "2.15"]
[White "Perszewska, Krystyna"]
[Black "Racis, Michal"]
[Result "0-1"]
[WhiteTitle "I"]
[BlackTitle "II"]
[WhiteElo "1421"]
[BlackElo "1163"]

1. d4 d5 2. c4 e6 3. Nc3 Nf6 4. Nf3 Nbd7 5. Bg5 Be7 6. e3 b6 7. Be2 Bb7 8. cxd5
Nxd5 9. Bxe7 Qxe7 10. Rc1 Rc8 11. O-O O-O 12. a3 c5 13. dxc5 Nxc5 14. b4 Nxc3
15. Rxc3 Ne4 16. Rxc8 Rxc8 17. Qa1 Nc3 18. Bd1 Qf6 19. Re1 Rd8 20. Qc1 Rc8 21.
Qd2 Qd8 22. Qd4 Nb5 23. Qxd8+ Rxd8 24. a4 Nc3 25. Bc2 Bxf3 26. gxf3 a6 27. Kf1
b5 28. axb5 axb5 29. Rc1 g6 30. Be4 Rd1+ 31. Rxd1 Nxd1 32. Ke2 Nc3+ 33. Kd2 Nxe4+
34. fxe4 e5 35. f3 Kg7 36. h4 Kh6 37. f4 f6 38. Ke2 Kh5 39. Kf3 Kxh4 40. Kg2 Kg4
0-1

[Event "Druzynowe Mistrzostwa Stowarzyszenia Cross"]
[Site "Wielspin Wagrowiec"]
[Date "1899-12-30"]
[Round "2.16"]
[White "Kowalczyk, Marian"]
[Black "Staruch, Roman"]
[Result "1-0"]
[WhiteTitle "I++"]
[BlackTitle "I++"]
[WhiteElo "1904"]
[BlackElo "1781"]

1. e4 d5 2. exd5 Nf6 3. d4 Nxd5 4. c4 Nb6 5. Nf3 g6 6. Nc3 Bg7 7. Be2 O-O 8. h3
Nc6 9. Be3 e5 10. dxe5 Nxe5 11. Nxe5 Bxe5 12. O-O Qh4 13. f4 Bg7 14. Rc1 Be6 15.
b3 Rfe8 16. Bf2 Qe7 17. Bf3 c6 18. Re1 Qb4 19. Ne4 Rad8 20. Qe2 Qe7 21. Rcd1 Qc7
22. Rxd8 Qxd8 23. Rd1 Qc7 24. Qd2 Bf5 25. Qd6 Qxd6 26. Nxd6 Rb8 27. Nxf5 gxf5
28. c5 Na8 29. Rd7 Kf8 30. Bh5 f6 31. Bf7 Rc8 32. Be6 Nc7 33. Bxf5 h6 34. Rxg7
Kxg7 35. Bxc8 Nd5 36. g3 b6 37. cxb6 axb6 38. Be6 Kf8 39. Bxd5 cxd5 40. Bxb6 Ke7
41. Kf2 1-0

[Event "Druzynowe Mistrzostwa Stowarzyszenia Cross"]
[Site "Wielspin Wagrowiec"]
[Date "1899-12-30"]
[Round "2.17"]
[White "Rutkowski, Jerzy"]
[Black "Niecko, Stanislaw"]
[Result "0-1"]
[WhiteTitle "I+"]
[BlackTitle "I+"]
[WhiteElo "1956"]
[BlackElo "1726"]

1. e4 Nc6 2. Nc3 e5 3. Nf3 Nf6 4. d4 exd4 5. Nxd4 d6 6. Be2 Be7 7. f4 Bd7 8. Nf3
a6 9. a3 b5 10. O-O O-O 11. Kh1 Rb8 12. Bd3 b4 13. Nd5 bxa3 14. Rxa3 Nxd5 15.
exd5 Nb4 16. Be2 Bb5 17. c4 Bd7 18. Nd4 Bf6 19. Nc2 Nxc2 20. Qxc2 Rb6 21. b3 Qb8
22. Be3 Rb7 23. Rb1 Re8 24. Bf2 Re7 25. Bd3 g6 0-1

[Event "Druzynowe Mistrzostwa Stowarzyszenia Cross"]
[Site "Wielspin Wagrowiec"]
[Date "1899-12-30"]
[Round "2.18"]
[White "Pociejowski, Marek"]
[Black "Huzarski, Stanislaw"]
[Result "1-0"]
[WhiteTitle "I++"]
[BlackTitle "I"]
[WhiteElo "1842"]
[BlackElo "1731"]

1. d4 Nf6 2. c4 e6 3. Nf3 d5 4. Nc3 Be7 5. Bg5 O-O 6. e3 Nbd7 7. Qc2 c5 8. dxc5
Nxc5 9. cxd5 exd5 10. Rd1 Be6 11. Be2 Rc8 12. O-O Nce4 13. Bxf6 Bxf6 14. Nd4 Nxc3
15. bxc3 Qa5 16. Rc1 a6 17. Bd3 g6 18. f4 Qc7 19. Qd2 Bg7 20. h4 Qe7 21. Qf2 Bf6
22. h5 Bg7 23. f5 gxf5 24. Qg3 Kh8 25. Bxf5 Rg8 26. Qh3 Be5 27. Bxe6 fxe6 28.
Rf3 Rg5 29. Nxe6 Rgg8 30. Nd4 Qg5 31. Rf5 Qg7 32. Ne6 Qg3 33. Qxg3 Bxg3 34. Nd4
Rce8 35. Rf3 Bd6 36. Kf2 Rg5 37. Rh1 Ree5 38. h6 Kg8 39. Rf6 Bc5 40. Rh3 Rg4 41.
Rhf3 Reg5 42. g3 Be7 43. Re6 Re4 44. Rb6 Rg6 45. Rxb7 Rxh6 46. Rb8+ Kg7 47. Nf5+
1-0

[Event "Druzynowe Mistrzostwa Stowarzyszenia Cross"]
[Site "Wielspin Wagrowiec"]
[Date "1899-12-30"]
[Round "3.1"]
[White "Rutkowski, Jerzy"]
[Black "Spionkowski, Fabian"]
[Result "1-0"]
[WhiteTitle "I+"]
[BlackTitle "II+"]
[WhiteElo "1956"]
[BlackElo "1377"]

1. e4 c5 2. Nf3 Nc6 3. Bb5 g6 4. c3 Bg7 5. d4 cxd4 6. cxd4 a6 7. Bxc6 bxc6 8. Qc2
Nh6 9. h3 f5 10. e5 Nf7 11. O-O O-O 12. Re1 Qc7 13. Nc3 c5 14. Nd5 Qd8 15. Qxc5
d6 16. exd6 exd6 17. Qb6 Qxb6 18. Nxb6 Rb8 19. Nxc8 Rfxc8 20. Re2 Rb4 21. Be3
f4 22. Bxf4 Bxd4 23. Nxd4 Rxd4 24. Be3 Re4 25. Rd1 Rd8 26. Red2 Re6 27. Rd5 Ne5
28. Bf4 Nf7 29. Kf1 Kg7 30. Ra5 Ra8 31. Rd4 Ne5 32. Rxd6 1-0

[Event "Druzynowe Mistrzostwa Stowarzyszenia Cross"]
[Site "Wielspin Wagrowiec"]
[Date "1899-12-30"]
[Round "3.2"]
[White "Kizym, Lukasz"]
[Black "Huzarski, Stanislaw"]
[Result "1/2-1/2"]
[WhiteTitle "II"]
[BlackTitle "I"]
[WhiteElo "1590"]
[BlackElo "1731"]

1. e4 c5 2. Nf3 Nc6 3. d4 cxd4 4. Nxd4 Nf6 5. Nc3 d6 6. Bb5 Bd7 7. Nxc6 bxc6 8.
Bc4 g6 9. O-O Bg7 10. Re1 Qc7 11. h3 O-O 12. Bd2 Rab8 13. Bb3 Bc8 14. Qf3 Nd7
15. Rad1 Bb7 16. Bc1 Rbd8 17. Ne2 Ne5 18. Qe3 Ba8 19. c3 c5 20. Ng3 Qb7 21. Qe2
e6 22. Be3 Rfe8 23. Rd2 Qc6 24. Qd1 Re7 25. a3 Qc7 26. Ba2 h5 27. Qc2 c4 28. b3
d5 29. exd5 exd5 30. bxc4 dxc4 31. Rxd8+ Qxd8 32. Rd1 Rd7 33. Rxd7 Qxd7 34. Bd4
Qc7 35. f3 Nd3 36. Bxg7 Kxg7 37. Qa4 Qc5+ 38. Kh1 Bd5 39. Bb1 Nf2+ 40. Kh2 Qe3
41. Qc2 Qe1 42. Nxh5+ Kf8 43. Ng3 Nd3 44. Qa4 Qxb1 45. Qd7 Qb7 46. Qd6+ Ke8 1/2-1/2

[Event "Druzynowe Mistrzostwa Stowarzyszenia Cross"]
[Site "Wielspin Wagrowiec"]
[Date "1899-12-30"]
[Round "3.3"]
[White "Mettel, Werner"]
[Black "Polakowski, Janusz"]
[Result "1/2-1/2"]
[WhiteTitle "I"]
[BlackTitle "II"]
[WhiteElo "1676"]
[BlackElo "1454"]

1. e4 e5 2. Bc4 Bc5 3. Nf3 h6 4. O-O d6 5. h3 a6 6. Nc3 Nf6 7. d3 Bd7 8. a3 O-O
9. Ne2 Nc6 10. Ng3 Nh7 11. c3 Re8 12. b4 Bb6 13. a4 Ne7 14. Qb3 d5 15. exd5 Rf8
16. Nxe5 Be8 17. Bf4 g5 18. Be3 Bxe3 19. fxe3 Qd6 20. d4 Rd8 21. Ne4 Qb6 22. a5
Qa7 23. d6 cxd6 24. Bxf7+ Bxf7 25. Nxf7 d5 26. Nxh6+ Kg7 27. Nxg5 Nxg5 28. Ng4
Qb8 29. Ne5 Qc7 30. Qc2 1/2-1/2

[Event "Druzynowe Mistrzostwa Stowarzyszenia Cross"]
[Site "Wielspin Wagrowiec"]
[Date "1899-12-30"]
[Round "3.4"]
[White "Zelajtys, Jozef"]
[Black "Kowalczyk, Marian"]
[Result "1-0"]
[WhiteTitle "I"]
[BlackTitle "I++"]
[WhiteElo "1712"]
[BlackElo "1904"]

1. e4 e5 2. Nf3 Nc6 3. Bc4 Nf6 4. O-O Nxe4 5. Re1 d5 6. Bb5 Be7 7. d3 Nd6 8. Bxc6+
bxc6 9. Nxe5 Bd7 10. Bg5 O-O 11. Nxc6 Bxg5 12. Nxd8 Bc6 13. Nxc6 1-0

[Event "Druzynowe Mistrzostwa Stowarzyszenia Cross"]
[Site "Wielspin Wagrowiec"]
[Date "1899-12-30"]
[Round "3.5"]
[White "Niecko, Stanislaw"]
[Black "Hornik, Bronislaw"]
[Result "1-0"]
[WhiteTitle "I+"]
[BlackTitle "I"]
[WhiteElo "1726"]
[BlackElo "1712"]

1. Nf3 d5 2. c4 Nf6 3. cxd5 Nxd5 4. Nc3 e6 5. e4 Nxc3 6. bxc3 c5 7. d4 Bd7 8. Bd3
cxd4 9. cxd4 Bb4+ 10. Bd2 Bxd2+ 11. Qxd2 O-O 12. O-O h6 13. Rfe1 Bc6 14. Qe3 Nd7
15. Nd2 Qh4 16. Nb3 Nf6 17. f3 Qg5 18. Qxg5 hxg5 19. Kf2 g4 20. Na5 gxf3 21. gxf3
Rfc8 22. Nxc6 bxc6 23. Re2 Rab8 24. Rc1 Rb6 25. Ke3 g6 26. a4 Rb4 27. Rc4 Rcb8
28. Rxb4 Rxb4 29. a5 Nd7 30. Rc2 1-0

[Event "Druzynowe Mistrzostwa Stowarzyszenia Cross"]
[Site "Wielspin Wagrowiec"]
[Date "1899-12-30"]
[Round "3.6"]
[White "Kaciotys, Mieczyslaw"]
[Black "Pociejowski, Marek"]
[Result "0-1"]
[WhiteTitle "II+"]
[BlackTitle "I++"]
[WhiteElo "1683"]
[BlackElo "1842"]

1. e4 Nf6 2. Nc3 d5 3. exd5 Nxd5 4. Qf3 e6 5. Nxd5 exd5 6. Ne2 Be7 7. Nc3 Be6 8.
Nb5 Bf6 9. Nc3 O-O 10. Bd3 c5 11. O-O Nc6 12. Re1 c4 13. Bf1 Nd4 14. Qd1 Re8 15.
d3 b5 16. a3 Qd7 17. f3 h5 18. Bf4 Nf5 19. Be5 Be7 20. Ne2 f6 21. Bg3 Bf7 22.
Bf2 Bd6 23. g3 Ne3 24. Qd2 Nxf1 25. Rxf1 a5 26. dxc4 bxc4 27. Nc3 Qf5 28. Kg2
Red8 29. Nb5 Be5 30. Bd4 Bg6 31. f4 Qe4+ 32. Rf3 Bb8 33. c3 Re8 34. Kf2 Qc2 35.
Qxc2 Bxc2 36. Re1 Rxe1 37. Kxe1 Ba4 38. Bxf6 gxf6 39. Nd4 Bd7 40. Re3 Kf7 41.
Kf2 Ba7 0-1